| 000 | 00411nam a22001457a 4500 | ||
|---|---|---|---|
| 020 | _a818247036-6 | ||
| 082 |
_a030 _bDEL/C |
||
| 100 | _aDELL ASHLEY | ||
| 245 |
_aCOMPREHENSIVE DICTIONARY OF HISTORY _bSOCIAL SCIENCE |
||
| 246 |
_aCOMPREHENSIVE DICTIONARY OF HISTORY _bSOCIAL SCIENCE |
||
| 260 |
_aCHANDIGARH _bABHISHEK PUBLICATIONS _c2004 |
||
| 520 | _aSOCIAL SCIENCE | ||
| 650 | _aSOCIAL SCIENCE | ||
| 942 | _cBK | ||
| 999 |
_c1483 _d1483 |
||